[Event "Druzynowe Mistrzostwa Polski Juniorow 2019 - II Liga"]
[Site "Szczyrk"]
[Date "1899-12-30"]
[Round "11.60"]
[White "Skolska, Emilia"]
[Black "Czerwinska, Oliwia"]
[Result "1-0"]
[WhiteTitle "I"]
[BlackTitle "I"]
[WhiteElo "1359"]
[BlackElo "1345"]

1. e4 e5 2. Nf3 Nc6 3. d4 exd4 4. Bc4 Bc5 5. O-O Nf6 6. e5 d5 7. exf6 dxc4 8. fxg7
Rg8 9. Re1+ Be6 10. Ng5 Qf6 11. Nxe6 fxe6 12. Qh5+ Qg6 13. Qxc5 Rxg7 14. g3 O-O-O
15. Qxc4 e5 16. Nd2 Rf8 17. Ne4 Qf7 18. Qxf7 Rgxf7 19. a3 b6 20. b4 Kd7 21. Bb2
h6 22. Rad1 Kc8 23. c3 Rd7 24. b5 Na5 25. cxd4 Nc4 26. Re2 exd4 27. Rc2 Ne5 28.
f4 Ng4 29. Rxd4 Rxd4 30. Bxd4 Rd8 31. Bf2 Re8 32. Nd6+ Kd7 33. Nxe8 Kxe8 34. Rxc7
Nf6 35. Rxa7 Nd7 36. Rb7 Kd8 37. Bxb6+ Kc8 38. Rc7+ Kd8 39. Ba5 Ke8 40. Rxd7 1-0

[Event "Druzynowe Mistrzostwa Polski Juniorow 2019 - II Liga"]
[Site "Szczyrk"]
[Date "1899-12-30"]
[Round "11.61"]
[White "Kucharski, Bartlomiej"]
[Black "Zabron, Maksym"]
[Result "1-0"]
[WhiteTitle "I++"]
[BlackTitle "I+"]
[WhiteElo "1952"]
[BlackElo "1739"]

1. f4 d5 2. Nf3 g6 3. g3 Bg7 4. Bg2 Nf6 5. O-O O-O 6. d3 c5 7. c3 Nc6 8. Qe1 Qc7
9. e4 dxe4 10. dxe4 e5 11. Na3 a6 12. Nc4 Nd7 13. Ne3 exf4 14. Nd5 Qa5 15. gxf4
Nb6 16. Qh4 Nxd5 17. exd5 Na7 18. Be3 Bf5 19. Qf2 b6 20. a4 Nc8 21. Nd2 b5 22.
Bxc5 Re8 23. d6 Rb8 24. Bc6 Re6 25. axb5 Qd8 26. bxa6 Rxd6 27. Bxd6 Qxd6 28. Bb7
Nb6 29. Rfd1 Qc7 30. Bg2 Na8 31. a7 Re8 32. Nb3 Bf8 33. Bd5 Bg4 34. Rd2 Bd6 35.
Qg2 Bxf4 36. Bxa8 Bxd2 37. Nxd2 Re2 38. Qxe2 Bxe2 39. Bg2 1-0

[Event "Druzynowe Mistrzostwa Polski Juniorow 2019 - II Liga"]
[Site "Szczyrk"]
[Date "1899-12-30"]
[Round "11.62"]
[White "Kozubek, Krystian"]
[Black "Wolak, Kamil"]
[Result "1/2-1/2"]
[WhiteTitle "II+"]
[BlackTitle "I"]
[WhiteElo "1443"]
[BlackElo "1619"]

1. c4 c6 2. Nf3 d5 3. Qb3 Nf6 4. g3 g6 5. Bg2 Bg7 6. e3 dxc4 7. Qxc4 Be6 8. Qc2
Bf5 9. Qb3 Qc7 10. d4 O-O 11. O-O Nbd7 12. Nh4 Be6 13. Qc2 Bd5 14. e4 Be6 15.
Nc3 Bc4 16. Re1 e5 17. dxe5 Nxe5 18. Bf4 Qe7 19. Rad1 Rad8 20. Bf1 Bxf1 21. Kxf1
h6 22. Bxe5 Qxe5 23. Nf3 Qc5 24. Rxd8 Rxd8 25. Kg2 Ng4 26. h3 Ne5 27. Nxe5 Bxe5
28. Re3 b5 29. Qe2 b4 30. Na4 Qd4 31. b3 Qd2 32. Qc4 Rd6 33. Rf3 Rf6 34. Rxf6
Bxf6 35. e5 Bxe5 36. Qxc6 Bd4 37. Qf3 Qxa2 38. h4 h5 39. Kg1 Qb1+ 40. Kg2 Qc2
41. Kg1 Qc1+ 42. Kg2 Qd2 43. Kf1 Qc1+ 44. Kg2 Qd2 45. Kf1 Qc1+ 1/2-1/2

[Event "Druzynowe Mistrzostwa Polski Juniorow 2019 - II Liga"]
[Site "Szczyrk"]
[Date "1899-12-30"]
[Round "11.63"]
[White "Bartuzi, Krzysztof"]
[Black "Gradalski, Olaf"]
[Result "0-1"]
[WhiteTitle "II+"]
[BlackTitle "II"]
[WhiteElo "1392"]
[BlackElo "1442"]

1. f4 d5 2. Nf3 g6 3. g3 Bg7 4. Bg2 Nf6 5. d3 O-O 6. O-O c5 7. Na3 Nc6 8. c3 a6
9. Qe1 d4 10. Nc2 Nd5 11. e4 Nc7 12. c4 b5 13. b3 a5 14. Ba3 bxc4 15. bxc4 Na6
16. Rb1 Nab4 17. Bxb4 axb4 18. Rb2 e5 19. Nd2 Bd7 20. f5 Qe7 21. Qf2 Bh6 22. Nb3
Ra7 23. Ra1 Rfa8 24. h4 Na5 25. Nxa5 Rxa5 26. Kh2 Qd6 27. Bf3 R8a7 28. Bd1 gxf5
29. exf5 b3 30. Rxb3 Rxa2 31. Ra3 R7xa3 32. Rxa2 Rxa2 33. Qf3 Qf6 34. g4 Qxh4+
0-1

[Event "Druzynowe Mistrzostwa Polski Juniorow 2019 - II Liga"]
[Site "Szczyrk"]
[Date "1899-12-30"]
[Round "11.64"]
[White "Raba, Bartosz"]
[Black "Bartuzi, Michal"]
[Result "1-0"]
[WhiteTitle "II"]
[BlackTitle "II+"]
[WhiteElo "1373"]
[BlackElo "1193"]

1. e4 c5 2. c3 d5 3. exd5 Qxd5 4. d4 cxd4 5. cxd4 Nc6 6. Nf3 Bg4 7. Be2 g6 8. Nc3
Qd7 9. d5 Bxf3 10. gxf3 Bg7 11. dxc6 Qxc6 12. Bd2 a6 13. Qa4 Qxa4 14. Nxa4 Nf6
15. Nb6 Rd8 16. O-O-O Rd6 17. Ba5 Re6 18. Rhe1 O-O 19. Kb1 Nh5 20. Bc4 Rf6 21.
Nd7 Rxf3 22. Nxf8 Bxf8 23. Rd8 Kg7 24. Bc3+ Nf6 25. Re2 b5 26. Bb3 e6 27. Be5
Be7 28. Rd7 Kf8 29. Bxf6 Bxf6 30. Ra7 Bd4 31. Rxa6 Bxf2 32. Ra5 Bg1 33. Rxb5 Rh3
34. Rb7 Bxh2 35. Rf2 f5 36. Bxe6 Re3 37. Rxh2 Rxe6 38. Rhxh7 Kg8 39. Rhe7 Rf6
40. Re8+ Rf8 41. Rxf8+ Kxf8 42. Kc2 1-0

[Event "Druzynowe Mistrzostwa Polski Juniorow 2019 - II Liga"]
[Site "Szczyrk"]
[Date "1899-12-30"]
[Round "11.65"]
[White "Mirowska, Oliwia"]
[Black "Gredka, Dominika"]
[Result "1-0"]
[WhiteTitle "I++"]
[BlackTitle "I++"]
[WhiteElo "1735"]
[BlackElo "1658"]

1. d4 e6 2. Bf4 b6 3. e3 Bb7 4. Nf3 f5 5. Bd3 Nf6 6. Nbd2 Be7 7. h3 d6 8. O-O O-O
9. Qe2 Qe8 10. Bh2 Nbd7 11. e4 Qh5 12. exf5 exf5 13. Qe6+ Kh8 14. Qxf5 Qxf5 15.
Bxf5 g6 16. Be6 Rae8 17. Rfe1 Kg7 18. Ng5 h6 19. Bxd7 Nxd7 20. Ne6+ Kf7 21. Nxf8
Rxf8 22. Ne4 Bf6 23. c3 Bg7 24. f3 Kg8 25. Re3 g5 26. Rae1 Rf7 27. Bg3 Bd5 28.
b3 Bc6 29. Rd3 a5 30. h4 gxh4 31. Bxh4 Rf8 32. Nf2 Bf6 33. Bg3 Kg7 34. d5 Bb7
35. Ne4 Be5 36. Bh4 Kf7 37. g3 Rg8 38. Kf2 Ba6 39. Rde3 Bc8 40. f4 Bg7 41. Kf3
Rf8 42. Kg2 Rg8 43. Nf2 Nf6 44. Re7+ Kg6 45. Bxf6 Bxf6 46. Rxc7 1-0

[Event "Druzynowe Mistrzostwa Polski Juniorow 2019 - II Liga"]
[Site "Szczyrk"]
[Date "1899-12-30"]
[Round "11.66"]
[White "Wiecek, Karolina"]
[Black "Hals, Emilia"]
[Result "1/2-1/2"]
[WhiteTitle "II+"]
[BlackTitle "I"]
[WhiteElo "1189"]
[BlackElo "1346"]

1. d4 d5 2. c4 c6 3. Qc2 dxc4 4. Qxc4 Qd5 5. e3 Qxc4 6. Bxc4 Bf5 7. Nc3 Nf6 8.
f3 e6 9. e4 Bg6 10. Nge2 h6 11. Be3 b5 12. Bb3 a5 13. O-O Be7 14. a3 O-O 15. d5
exd5 16. exd5 b4 17. axb4 Bxb4 18. dxc6 Nxc6 19. Nd5 Nxd5 20. Bxd5 Rae8 21. Bxc6
Rxe3 22. Nf4 Bc2 23. Nd5 Rb3 24. Nxb4 Rxb4 25. Rxa5 Rxb2 26. Ra8 Rxa8 27. Bxa8
Kh7 28. Rf2 Rb1+ 29. Rf1 Kg6 30. Rxb1 Bxb1 31. Kf2 Kf5 32. h4 Ke5 1/2-1/2

[Event "Druzynowe Mistrzostwa Polski Juniorow 2019 - II Liga"]
[Site "Szczyrk"]
[Date "1899-12-30"]
[Round "11.67"]
[White "Majdanski, Maksymilian"]
[Black "Kijkowski, Michal"]
[Result "1/2-1/2"]
[WhiteTitle "I"]
[BlackTitle "I"]
[WhiteElo "1767"]
[BlackElo "1789"]

1. e4 c5 2. Nf3 d6 3. d4 cxd4 4. Nxd4 Nf6 5. Nc3 a6 6. Bc4 e6 7. Bb3 Nbd7 8. O-O
Nc5 9. Qf3 b5 10. Re1 Bb7 11. a3 Be7 12. Ba2 Rc8 13. b4 Ncd7 14. Bxe6 fxe6 15.
Nxe6 Qb6 16. Nxg7+ Kf7 17. Bh6 Rhg8 18. Nd5 Qd8 19. Nf5 Ne5 20. Qh3 Bxd5 21. exd5
Rc4 22. Re3 Nxd5 23. Rg3 Rxg3 24. Qxg3 Rg4 25. Qb3 Nc4 26. Re1 Bf8 27. Qh3 Nf6
28. Bxf8 Kxf8 29. Qh6+ Kf7 30. Re7+ Qxe7 31. Nxe7 Re4 32. f3 Rxe7 33. g4 Ne5 34.
g5 Nxf3+ 35. Kg2 Nxg5 36. Qxg5 Re2+ 37. Kf1 Rxh2 38. Qe3 Rxc2 39. Qa7+ Ke6 40.
Qxa6 Rc3 41. Qxb5 Rxa3 42. Qc4+ d5 43. Qc6+ Ke5 44. b5 Ne4 45. b6 Nd6 46. Qc7
Ke6 47. b7 Nxb7 48. Qxb7 Rf3+ 49. Ke2 Rf4 50. Qc8+ Ke5 51. Qh8+ Ke6 52. Qxh7 Re4+
53. Kd3 Kd6 54. Qh6+ Kc5 55. Qc1+ Kd6 56. Qa3+ Kc6 57. Qa6+ Kc5 58. Qc8+ Kd6 59.
Qd8+ Kc6 60. Qf8 Rc4 61. Qf6+ Kc5 1/2-1/2

[Event "Druzynowe Mistrzostwa Polski Juniorow 2019 - II Liga"]
[Site "Szczyrk"]
[Date "1899-12-30"]
[Round "11.68"]
[White "Budny, Piotr"]
[Black "Ksiazkiewicz, Michal"]
[Result "1-0"]
[WhiteTitle "II"]
[BlackTitle "III"]
[WhiteElo "1426"]
[BlackElo "1000"]

1. Nf3 d5 2. g3 c5 3. c4 e6 4. Bg2 Nc6 5. cxd5 exd5 6. d3 Nf6 7. O-O Be7 8. Bf4
O-O 9. Nc3 Be6 10. Rc1 Rc8 11. a3 Qb6 12. Na4 Qb5 13. d4 c4 14. Qc2 Na5 15. Nc3
Qb6 16. e4 Nb3 17. Rcd1 Rfd8 18. e5 Nd7 19. Rfe1 Nb8 20. h3 Nc6 21. Ne2 Qc7 22.
Bg5 b5 23. Nf4 Qd7 24. h4 Bf5 25. Qe2 Bxg5 26. Nxg5 Nbxd4 27. Qh5 h6 28. Bxd5
hxg5 29. e6 fxe6 30. Rxe6 Bxe6 31. Bxe6+ Nxe6 32. Rxd7 Rxd7 33. Nxe6 Re7 34. Nxg5
Kf8 35. Qh8# 1-0

[Event "Druzynowe Mistrzostwa Polski Juniorow 2019 - II Liga"]
[Site "Szczyrk"]
[Date "1899-12-30"]
[Round "11.69"]
[White "Kowalski, Kacper"]
[Black "Nawalaniec, Adam"]
[Result "0-1"]
[WhiteTitle "II"]
[BlackTitle "II"]
[WhiteElo "1317"]
[BlackElo "1318"]

1. e4 e5 2. Nf3 Nc6 3. Bc4 Bc5 4. c3 Nf6 5. d4 exd4 6. cxd4 Bb4+ 7. Bd2 Bxd2+ 8.
Nbxd2 d6 9. O-O O-O 10. Re1 Bg4 11. Qc2 Ne7 12. Qb3 b6 13. e5 Ne8 14. e6 d5 15.
exf7+ Rxf7 16. Bd3 Bxf3 17. Nxf3 Nc6 18. Bb5 Na5 19. Rxe8+ Qxe8 20. Bxe8 Nxb3
21. Bxf7+ Kxf7 22. axb3 a5 23. Ne5+ Ke6 24. f4 Kf5 25. g3 Ke4 26. Nc6 Kd3 27.
Rc1 b5 28. Rc3+ Kd2 29. Ne5 b4 30. Nf3+ Ke2 31. Rxc7 Kxf3 32. Rc1 Re8 33. Rf1+
Ke2 34. Ra1 Kd3 35. Rxa5 Kc2 36. Rxd5 Kxb2 37. Re5 Rd8 38. Re3 Rxd4 39. Kf1 Rd2
40. h3 Rc2 41. Ke1 Rc3 42. Re2+ Kxb3 43. Rg2 Rc2 44. Rg1 Rc1+ 0-1

[Event "Druzynowe Mistrzostwa Polski Juniorow 2019 - II Liga"]
[Site "Szczyrk"]
[Date "1899-12-30"]
[Round "11.70"]
[White "Klim, Juliusz"]
[Black "Tarawski, Adrian"]
[Result "0-1"]
[WhiteTitle "II"]
[BlackTitle "II+"]
[WhiteElo "1220"]
[BlackElo "1562"]

1. e4 c5 2. Nf3 d6 3. d4 cxd4 4. Nxd4 Nf6 5. Nc3 a6 6. Be2 g6 7. O-O Bg7 8. Bg5
O-O 9. Qd2 Nc6 10. Rad1 Nxe4 11. Nxc6 Nxd2 12. Nxd8 Nxf1 13. Kxf1 Rxd8 14. Bxe7
Re8 15. Bxd6 Be6 16. a3 Rac8 17. Bf3 Bxc3 18. Bxb7 Bc4+ 19. Kg1 Rcd8 20. g3 Re6
21. bxc3 Rexd6 22. Rxd6 Rxd6 0-1

[Event "Druzynowe Mistrzostwa Polski Juniorow 2019 - II Liga"]
[Site "Szczyrk"]
[Date "1899-12-30"]
[Round "11.71"]
[White "Zalucka, Emilia"]
[Black "Michalska, Aleksandra"]
[Result "0-1"]
[WhiteTitle "I"]
[BlackTitle "I++"]
[WhiteElo "1440"]
[BlackElo "1741"]

1. e4 e5 2. Nf3 Nc6 3. Bb5 g6 4. O-O Nge7 5. c3 Bg7 6. d4 exd4 7. cxd4 d5 8. e5
a6 9. Ba4 Bg4 10. Be3 O-O 11. Nbd2 b5 12. Bc2 h6 13. h3 Be6 14. Rc1 Na5 15. b3
Rc8 16. Bb1 Qd7 17. Nh2 Kh7 18. Ng4 Ng8 19. Qf3 f5 20. exf6 Bxg4 21. hxg4 Nxf6
22. Qh3 Qxg4 23. Qxg4 Nxg4 24. Nf3 Nxe3 25. fxe3 Bf6 26. e4 dxe4 27. Bxe4 c6 28.
Ne5 Kg7 29. Nf3 Rfe8 30. Rfe1 h5 31. Kf1 g5 32. d5 cxd5 33. Bxd5 Rxe1+ 34. Rxe1
g4 35. Nd2 Rd8 36. Re6 Rxd5 37. Ne4 Bh4 38. g3 Bd8 39. Rxa6 Nb7 40. Ra7 Rd7 41.
b4 Bb6 42. Ra6 Nd6 43. Rxb6 Nxe4 44. Rxb5 Nxg3+ 45. Kg2 Ne4 46. Rxh5 Rd2+ 47.
Kg1 Rxa2 48. Re5 Nf6 49. b5 Rb2 50. Kf1 Kg6 51. Rc5 Ne4 52. Rc6+ Kf5 53. b6 Kf4
54. Kg1 Kf3 55. Rc7 Rb1+ 56. Kh2 g3+ 57. Kh3 Rh1# 0-1

[Event "Druzynowe Mistrzostwa Polski Juniorow 2019 - II Liga"]
[Site "Szczyrk"]
[Date "1899-12-30"]
[Round "11.72"]
[White "Dzierzgowska, Jagoda"]
[Black "Ziobrowska, Maja"]
[Result "0-1"]
[WhiteTitle "II+"]
[BlackTitle "I"]
[WhiteElo "1000"]
[BlackElo "1491"]

1. f4 d5 2. Nf3 Nf6 3. e3 e6 4. b3 c5 5. Bb2 Nc6 6. Bb5 Bd7 7. Bxc6 Bxc6 8. Ne5
Ne4 9. O-O d4 10. exd4 cxd4 11. d3 Nf6 12. Nxc6 bxc6 13. Qf3 Rc8 14. f5 exf5 15.
Re1+ Be7 16. Qxf5 O-O 17. Qf1 c5 18. Nd2 Nd5 19. Nc4 Bg5 20. Kh1 Ne3 21. Nxe3
Bxe3 22. Bc1 Bxc1 23. Raxc1 Rc6 24. Re4 Re8 25. Rce1 Rxe4 26. Rxe4 h6 27. Qe1
Qd5 28. Re5 Re6 29. Rxe6 Qxe6 30. Qxe6 fxe6 31. g3 Kf7 32. Kg2 Kf6 33. Kf3 Kf5
34. h4 h5 35. a3 a5 36. a4 g6 37. Kf2 Kg4 38. Kg2 Kf5 39. Kf3 e5 40. Kf2 e4 41.
dxe4+ Kxe4 42. Ke2 Ke5 43. Kf2 Kf5 44. Ke2 Ke4 45. Kf2 d3 46. cxd3+ Kxd3 47. Kf3
Kc3 48. Kf4 Kxb3 49. Kg5 c4 50. Kxg6 c3 51. Kxh5 c2 52. g4 c1=Q 53. g5 Qc8 54.
g6 Qh8+ 55. Kg5 Qd8+ 56. Kh5 Qd5+ 57. Kh6 Qg8 58. h5 Kxa4 59. g7 Kb4 60. Kg6 Qe6+
61. Kg5 Qg8 62. Kg6 Qe8+ 63. Kh6 a4 64. g8=Q Qe3+ 65. Kh7 Qe7+ 66. Kg6 Qe4+ 67.
Kh6 Qf4+ 68. Kh7 Qc7+ 69. Kh6 Qd6+ 70. Qg6 Qf8+ 71. Kh7 Qe7+ 72. Kh6 Qe3+ 73.
Kh7 a3 74. Qb1+ Kc3 75. Qa1+ Kc2 76. Qa2+ Kd1 77. Qb1+ Qc1 78. Qd3+ Qd2 79. Qb1+
Ke2 80. Qe4+ Qe3 81. Qg2+ Kd3 82. Qd5+ Qd4 83. Qf3+ Qe3 84. Qd5+ Kc3 85. Qa5+
Kb2 86. Qb4+ Qb3 87. Qd4+ Kb1 88. Qg1+ Kb2 89. Qd4+ Qc3 90. Qb6+ Qb3 91. Qd4+
Qc3 92. Qb6+ Kc2 93. Qf2+ Kb1 94. Qb6+ Qb2 95. Qg1+ Ka2 96. Qg8+ Qb3 97. Qg2+
Ka1 98. Qg7+ Qb2 99. Qg1+ Qb1+ 100. Qxb1+ Kxb1 101. h6 a2 102. Kg6 a1=Q 103. h7
Qh8 104. Kh6 Kc2 105. Kg6 Kd3 106. Kh6 Ke4 107. Kg6 Ke5 108. Kh6 Kf5 109. Kh5
Qxh7# 0-1

[Event "Druzynowe Mistrzostwa Polski Juniorow 2019 - II Liga"]
[Site "Szczyrk"]
[Date "1899-12-30"]
[Round "11.73"]
[White "Rozek, Michal"]
[Black "Strzelecki, Maciej"]
[Result "0-1"]
[WhiteTitle "II"]
[BlackTitle "k"]
[WhiteElo "1321"]
[BlackElo "1955"]

1. e4 c5 2. c3 g6 3. d4 cxd4 4. cxd4 d5 5. e5 Bg7 6. Nf3 Bg4 7. h3 Bxf3 8. Qxf3
Nc6 9. Bb5 Nh6 10. Bxc6+ bxc6 11. Bxh6 Bxh6 12. Nd2 Bxd2+ 13. Kxd2 O-O 14. Rhc1
Qd7 15. Rc5 f6 16. exf6 Rxf6 17. Qe3 Raf8 18. f3 Re6 19. Qd3 Qc7 20. Re1 Qf4+
21. Re3 Qg5 22. Qe2 Rxe3 23. Qxe3 Qxg2+ 24. Qe2 Qxf3 25. Qxf3 Rxf3 26. Rxc6 Rxh3
27. Ra6 Rh2+ 28. Kc3 g5 29. Rxa7 Kf7 30. b4 g4 31. b5 g3 32. b6 g2 33. b7 g1=Q
34. b8=Q Qe3+ 35. Kb4 Rb2+ 36. Kc5 Qc3+ 37. Kxd5 Rxb8 0-1

[Event "Druzynowe Mistrzostwa Polski Juniorow 2019 - II Liga"]
[Site "Szczyrk"]
[Date "1899-12-30"]
[Round "11.74"]
[White "Guzik, Natalia"]
[Black "Gardian, Adam"]
[Result "0-1"]
[WhiteTitle "I++"]
[BlackTitle "I"]
[WhiteElo "1638"]
[BlackElo "1770"]

1. e4 e5 2. Bc4 Nf6 3. c3 Nc6 4. d3 d5 5. exd5 Nxd5 6. Nf3 Be7 7. O-O Bg4 8. Bb3
Qd7 9. Bc2 O-O 10. Nbd2 f5 11. Re1 Bf6 12. Nf1 Kh8 13. h3 Bh5 14. Ng3 Bg6 15.
Bd2 Rad8 16. Qc1 h5 17. Bg5 Qe7 18. Nh4 Qf7 19. Bxf6 Qxf6 20. Nxg6+ Qxg6 21. Ne2
f4 22. Kh1 f3 23. Ng3 h4 24. d4 fxg2+ 25. Kg1 Qe6 26. Qg5 hxg3 27. Qh4+ Qh6 28.
Qxg3 exd4 29. Re4 Rf4 30. Rae1 Rdf8 31. Rxf4 Qxf4 32. Qxg2 Nf6 33. Rd1 dxc3 34.
bxc3 Ne5 35. Kh1 Nc6 36. Rg1 Qh6 37. Qh2 Qd2 38. Qxc7 Ne8 39. Qxb7 Qxc2 40. Qxc6
Qxf2 41. Rd1 Qg3 42. Qg2 Qxc3 43. Qg4 Nf6 44. Qh4+ Kg8 45. Rg1 Qf3+ 46. Kh2 Qe2+
47. Rg2 Qe5+ 48. Kh1 Ne4 49. Qe1 Qf5 50. Kh2 Qf4+ 51. Kg1 Ng5 52. Kh1 Qf3 53.
Qg3 Qf1+ 54. Rg1 Qxh3+ 55. Qxh3 Nxh3 56. Rg3 Nf4 57. Ra3 Rf7 58. Kg1 Kh7 59. Kh2
Kh6 60. Kg3 Kh5 61. Rf3 Ne2+ 62. Kf2 Rxf3+ 63. Kxf3 Nc3 64. a3 g5 0-1

[Event "Druzynowe Mistrzostwa Polski Juniorow 2019 - II Liga"]
[Site "Szczyrk"]
[Date "1899-12-30"]
[Round "11.75"]
[White "Kubica, Dominik"]
[Black "Wojtasik, Szymon"]
[Result "1-0"]
[WhiteTitle "II+"]
[BlackTitle "II"]
[WhiteElo "1438"]
[BlackElo "1511"]

1. e4 c5 2. Nf3 Nc6 3. d4 cxd4 4. c3 dxc3 5. Nxc3 d6 6. Bc4 Nf6 7. e5 dxe5 8. Qxd8+
Nxd8 9. Nb5 Rb8 10. Nxe5 e6 11. Nc7+ Ke7 12. b3 Nc6 13. Na6 Nxe5 14. Nxb8 Nxc4
15. bxc4 Kd6 16. c5+ Kd5 17. Be3 Ne4 18. O-O Bxc5 19. Rfd1+ Kc4 20. Rac1+ Kb5
21. a4+ Kb6 22. Bxc5+ Nxc5 23. a5+ Kb5 24. Rd2 b6 25. Rb2+ Kxa5 26. Ra1+ Na4 27.
Nc6+ Ka6 28. Rxa4+ Kb7 29. Nxa7 Bd7 30. Nb5 Bxb5 31. Rxb5 Rd8 32. Kf1 f6 33. Rab4
Rd6 34. Ke2 e5 35. Rb2 Ka6 36. R5b3 g6 37. Ra2+ Kb7 38. Rd2 Rc6 39. Rbb2 Ka6 40.
Ra2+ Kb5 41. Rdb2+ Kc5 42. Rc2+ Kd6 43. Rxc6+ Kxc6 44. Ra7 Kc5 45. Rxh7 Kc4 46.
Kd2 b5 47. Kc2 f5 48. Rg7 e4 49. Rxg6 b4 50. Rf6 b3+ 51. Kb2 Kd3 52. Rxf5 e3 53.
fxe3 Kxe3 1-0

[Event "Druzynowe Mistrzostwa Polski Juniorow 2019 - II Liga"]
[Site "Szczyrk"]
[Date "1899-12-30"]
[Round "11.76"]
[White "Chrobot, Tomasz"]
[Black "Zaborski, Igor"]
[Result "0-1"]
[WhiteTitle "III"]
[BlackTitle "II"]
[WhiteElo "1246"]
[BlackElo "1372"]

1. e4 d6 2. d4 Nf6 3. Nc3 g6 4. Nf3 Bg7 5. Bc4 O-O 6. h3 Nxe4 7. Nxe4 d5 8. Bxd5
Qxd5 9. Ng3 c5 10. dxc5 Qxd1+ 11. Kxd1 Rd8+ 12. Ke2 Be6 13. Rd1 Bc4+ 14. Ke1 Na6
15. a3 Rxd1+ 16. Kxd1 Nxc5 17. Nd2 Bd5 18. f3 f5 19. Rb1 Rd8 20. Ke1 Rd6 21. Kf1
Rb6 22. b3 Ne6 23. Ne2 Bh6 24. Kf2 f4 25. c4 Bc6 26. Bb2 Be8 27. Re1 Nc5 28. Nc1
Rd6 29. Bc3 Bg5 30. Re2 Rd7 31. Ne4 Nxe4+ 32. fxe4 f3 33. Re1 fxg2 34. Kxg2 Bd2
35. Bxd2 Rxd2+ 36. Re2 Rd1 37. Rc2 Bc6 38. Kf3 Rh1 39. Ne2 Rxh3+ 40. Ng3 Bxe4+
41. Kxe4 Rxg3 42. Rb2 h5 43. a4 b6 44. Kd5 h4 45. Kc6 h3 46. Kb7 0-1

[Event "Druzynowe Mistrzostwa Polski Juniorow 2019 - II Liga"]
[Site "Szczyrk"]
[Date "1899-12-30"]
[Round "11.77"]
[White "Lajdamik, Anna"]
[Black "Matyjasek, Michalina"]
[Result "0-1"]
[WhiteTitle "I"]
[BlackTitle "I"]
[WhiteElo "1324"]
[BlackElo "1323"]

1. e4 c5 2. d4 cxd4 3. c3 g6 4. Nf3 Bg7 5. Bc4 Nf6 6. Qe2 dxc3 7. Nxc3 O-O 8. O-O
d6 9. Rd1 Qa5 10. Bd2 Qh5 11. Bf4 Bg4 12. Nd5 Nc6 13. Ne3 Bxf3 14. gxf3 e5 15.
Bg3 Nd4 16. Qf1 Nxf3+ 17. Kh1 Nxe4 18. Bd5 Nxg3+ 19. fxg3 Qxh2# 0-1

[Event "Druzynowe Mistrzostwa Polski Juniorow 2019 - II Liga"]
[Site "Szczyrk"]
[Date "1899-12-30"]
[Round "11.78"]
[White "Zajac, Aleksandra"]
[Black "Jaros, Emilia"]
[Result "1-0"]
[WhiteTitle "II"]
[BlackTitle "I"]
[WhiteElo "1136"]
[BlackElo "1112"]

1. e4 e5 2. Bc4 Nc6 3. Nf3 Bc5 4. d3 d6 5. c3 h6 6. O-O Nf6 7. Nbd2 Qe7 8. h3 a6
9. Bb3 Be6 10. Ba4 b5 11. Bc2 a5 12. Re1 O-O 13. Nf1 Rfd8 14. Ng3 Rab8 15. d4
exd4 16. cxd4 Bb4 17. Re2 Bc4 18. Re3 Qd7 19. a3 Nxd4 20. axb4 Nxc2 21. Qxc2 axb4
22. b3 Be6 23. Bb2 Qe7 24. Nf5 Bxf5 25. exf5 Qd7 26. Bxf6 gxf6 27. Rae1 c5 28.
Re7 Qc8 29. Qe4 Kf8 30. Qd5 Qe6 31. fxe6 Re8 32. Rxf7+ Kg8 33. Qf5 Rxe6 34. Qh7#
1-0

[Event "Druzynowe Mistrzostwa Polski Juniorow 2019 - II Liga"]
[Site "Szczyrk"]
[Date "1899-12-30"]
[Round "11.79"]
[White "Marczak, Szymon"]
[Black "Piekielny, Pawel"]
[Result "1/2-1/2"]
[WhiteTitle "I++"]
[BlackTitle "I++"]
[WhiteElo "1857"]
[BlackElo "1985"]

1. b3 e5 2. Bb2 Nc6 3. e3 d6 4. Nf3 Nf6 5. Bb5 Be7 6. d4 exd4 7. Nxd4 Bd7 8. Bxc6
bxc6 9. Qf3 d5 10. Nf5 Bxf5 11. Qxf5 O-O 12. Nd2 Qc8 13. Qxc8 Rfxc8 14. Rc1 a5
15. a4 Rab8 16. Ke2 Nd7 17. c4 Bb4 18. Bc3 Ba3 19. Ra1 Bb4 20. Rhc1 dxc4 21. Bxb4
cxb3 22. Nxb3 Rxb4 23. Nxa5 Ra8 24. Nxc6 Rbxa4 25. Rxa4 Rxa4 26. Nd4 c5 27. Nb3
h5 28. Nxc5 Nxc5 29. Rxc5 g6 30. Kf3 Kg7 31. g3 Ra2 32. h4 Rb2 33. Rc7 Ra2 34.
e4 Ra3+ 35. Kf4 Ra1 36. e5 Re1 37. Rc3 Re2 38. f3 Re1 39. Re3 Rg1 40. e6 fxe6
41. Rxe6 Ra1 42. Re4 Kf6 43. Rb4 Ra6 44. g4 hxg4 45. fxg4 Ra5 46. Rb6+ Kf7 47.
Rb7+ Kg8 48. Re7 Rb5 49. g5 Rb4+ 50. Ke5 Rxh4 51. Kf6 Ra4 52. Rg7+ Kh8 53. Re7
Kg8 54. Re6 Ra8 55. Kxg6 Rb8 56. Kh6 Ra8 57. Rg6+ Kh8 58. Rg7 Ra6+ 59. g6 Ra8
60. Re7 Kg8 61. Rb7 1/2-1/2

[Event "Druzynowe Mistrzostwa Polski Juniorow 2019 - II Liga"]
[Site "Szczyrk"]
[Date "1899-12-30"]
[Round "11.80"]
[White "Golinski, Kacper"]
[Black "Gabzdyl, Mateusz"]
[Result "1-0"]
[WhiteTitle "I"]
[BlackTitle "II"]
[WhiteElo "1761"]
[BlackElo "1222"]

1. e4 c5 2. Nf3 e6 3. d4 cxd4 4. Nxd4 a6 5. Nc3 Qc7 6. Bd3 Nc6 7. Nb3 Nf6 8. O-O
b5 9. a3 Bb7 10. f4 d5 11. e5 Nd7 12. Bd2 Nb6 13. Ne2 Nc4 14. Bxc4 dxc4 15. Nbd4
Nxd4 16. Nxd4 Bc5 17. c3 Qc6 18. Qe2 Rd8 19. Be3 Qe4 20. Qf2 h5 21. Nc2 Bxe3 22.
Nxe3 h4 23. h3 Rd3 24. Rfe1 Qc6 25. Rad1 O-O 26. Rxd3 cxd3 27. Qxh4 d2 28. Rd1
Qe4 29. Kf2 Qd3 30. Qe7 Qe4 31. Qb4 Qxb4 32. axb4 Rd8 33. Ke2 Kf8 34. Rxd2 Rxd2+
35. Kxd2 Be4 36. g4 Ke7 37. b3 Kd7 38. c4 Kc6 39. Kc3 1-0

[Event "Druzynowe Mistrzostwa Polski Juniorow 2019 - II Liga"]
[Site "Szczyrk"]
[Date "1899-12-30"]
[Round "11.81"]
[White "Wieczorek, Karol"]
[Black "Lamek, Dawid"]
[Result "1-0"]
[WhiteTitle "II+"]
[BlackTitle "II"]
[WhiteElo "1502"]
[BlackElo "1070"]

1. d4 d5 2. c4 e6 3. Nf3 c5 4. dxc5 Bxc5 5. cxd5 Qxd5 6. Qxd5 exd5 7. Bg5 f6 8.
Bf4 Nc6 9. e3 Nge7 10. Bb5 a6 11. Ba4 O-O 12. a3 b5 13. Bb3 Kh8 14. Nc3 d4 15.
exd4 Nxd4 16. Nxd4 Bxd4 17. O-O Ng6 18. Bg3 Bb7 19. Rac1 Rad8 20. h3 Rfe8 21.
Rfd1 Be5 22. Bxe5 Nxe5 23. Nd5 Rd6 24. Ne3 Rd3 25. Rxd3 Nxd3 26. Rc7 Be4 27. Bc2
h6 28. b4 Bh7 29. Ra7 Rc8 30. Bb3 Bg8 31. Bxg8 Kxg8 32. Nf5 Rc1+ 33. Kh2 g5 34.
Nxh6+ Kf8 35. Rf7+ Ke8 36. Rxf6 Ra1 37. Rxa6 Nxf2 38. Ra5 Rh1+ 39. Kg3 Ne4+ 40.
Kg4 Rg1 41. Rxb5 Nd6 42. Rb8+ Kd7 43. Kxg5 Rxg2+ 44. Kf4 Ra2 45. Ra8 Nc4 46. a4
Nb6 47. Ra7+ Kc8 48. b5 Kb8 49. Ra6 Rxa4+ 50. Rxa4 Nxa4 51. Nf5 Nc3 52. Nd4 Kc7
53. Kf5 Kd6 54. h4 Kc5 55. h5 Nd5 56. h6 Ne7+ 57. Ke6 Ng6 58. Kf7 Ne5+ 59. Kg7
Kxd4 60. h7 1-0

[Event "Druzynowe Mistrzostwa Polski Juniorow 2019 - II Liga"]
[Site "Szczyrk"]
[Date "1899-12-30"]
[Round "11.82"]
[White "Pieczewska, Jadwiga"]
[Black "Grzybek, Mikolaj"]
[Result "0-1"]
[WhiteTitle "II"]
[BlackTitle "II"]
[WhiteElo "1000"]
[BlackElo "1305"]

1. c4 e5 2. Nc3 Nc6 3. g3 d6 4. Bg2 Nge7 5. Nf3 g6 6. O-O Bg7 7. e3 Nf5 8. a3 a5
9. b3 O-O 10. Bb2 Re8 11. Rb1 Nh6 12. Qc2 Rb8 13. Nd5 Be6 14. Rbc1 e4 15. Bxg7
Kxg7 16. Qc3+ f6 17. Ne1 Bg4 18. Nc2 Be2 19. Rfe1 Bd3 20. Nd4 g5 21. Nxc6 bxc6
22. Nxc7 Qxc7 23. f3 exf3 24. Bxf3 Bg6 25. d4 Be4 26. Rf1 Bg6 27. d5 c5 28. Bg2
Ng8 29. Rf3 Qb6 30. h4 Be4 31. Rf2 Qxb3 32. Qe1 Bxg2 33. Kxg2 Qxe3 34. Qxe3 Rxe3
35. hxg5 fxg5 36. Rcf1 Rb7 37. a4 Rc3 38. Rf8 Rxc4 39. R8f5 h6 40. Re1 Ne7 41.
Rf2 Nxd5 42. Rd2 Nf6 43. Rxd6 Rxa4 44. Rc6 c4 45. Rc1 Ra7 46. Rf1 Ng8 47. Kh3
Rb4 48. Rc5 a4 49. Ra1 a3 50. Re5 Rb2 51. Ree1 c3 52. Rec1 c2 53. g4 a2 54. Kg3
Rb1 55. Kf3 Rxc1 56. Rxc1 a1=Q 57. Rxa1 Rxa1 58. Ke4 c1=Q 59. Kd5 Ra5+ 60. Kd6
Qc5+ 61. Kd7 Ra7+ 62. Kd8 Qc7+ 63. Ke8 Ra8# 0-1